000 00392 a2200133 4500
001 ART_23590
005 20260410161827.0
008 260409a
245 1 0 _aEl comercio intraindustrial argentina
100 1 _aCalá, Carla Daniela
700 1 _aDe Cicco, Javier Alfredo
700 1 _aBerges, Miriam
773 0 _tFACES
_g- Año 19, Nº 40/41 (ene./dic. 2013)
_wREV5046
999 _c22845
_d22845